Sports Quiz

Random Sports or Olympics Quiz

Most Olympic Medals A-Z Quiz Stats

Quiz Updated Feb 25, 2018

Also try: Olympics Cities
Challenge
Share
Tweet
Embed
Score 0/24 Timer 04:00
2 Plays Today
Letter Country % Correct
UUnited States
98.5%
CChina
92%
RRussia
90.7%
FFrance
89.5%
AAustralia
83.8%
JJapan
83.4%
QQatar
75.8%
DDenmark
73.5%
IItaly
71.7%
ZZimbabwe
70.8%
NNorway
62.2%
MMexico
60.7%
Letter Country % Correct
GGreat Britain
58.7%
YYugoslavia
57.7%
PPoland
57.3%
HHungary
56.7%
VVenezuela
53.5%
SSoviet Union
52%
WWest Germany
51.5%
KKenya
50.7%
EEast Germany
49%
TTurkey
47.8%
LLatvia
36.2%
BBulgaria
30.7%

You're not logged in!

Compare scores with friends on all Sporcle quizzes.
Join for Free
OR
Log In

You Might Also Like...

Show Comments

Extras

Top Quizzes Today


Score Distribution

Your Account Isn't Verified!

In order to create a playlist on Sporcle, you need to verify the email address you used during registration. Go to your Sporcle Settings to finish the process.

Report this User

Report this user for behavior that violates our Community Guidelines.

Details: